000 00975nam a2200265 i 4500
001 67692
003 ES-MaACL
005 20230906170131.0
007 t|
008 040611s2003 sp ||||1| spa d
020 _a84-95240-89-0
080 _a347.714(460)
080 _a347.441.134(460)
100 1 _aRuiz-Rico Ruiz, Catalina.
_9100909
245 1 3 _aEl control de las cláusulas abusivas a través del registro de condiciones generales de la contratación
_b: apuntes críticos al Real Decreto 1828/1999, de 3 de diciembre /
_cCatalina Ruiz-Rico Ruiz.
260 _a[Madrid] :
_bServicio de Estudios del Colegio de Registradores,
_c[2003]
300 _a152 p. ;
_c21 cm.
490 1 _aMagenta ;
_v8
610 2 7 _aRegistro de Condiciones Generales de Contratación (España)
_96412
650 1 4 _aCláusulas abusivas-
_zEspaña.
_911115
730 0 _aMagenta (Madrid)
_9122817
830 0 _aMagenta ;
_v8
_9183179
852 4 _a BA
_jL-27900
999 _c67692
_d67692